Damskie odpowiedniki imion męskich - Statystyki

Ogólne statystyki
  • Ten quiz został rozwiązany 277 razy
  • Średni wynik to 11 z 33
Statystyki odpowiedzi
Odpowiedź % Poprawnych
Aleksandra
69%
Karolina
55%
Kamila
51%
Dominika
50%
Stanisława
49%
Wiktoria
49%
Janina
48%
Julia
45%
Michalina
42%
Patrycja
41%
Czesława
39%
Wiesława
38%
Franciszka
37%
Marianna
34%
Oliwia
34%
Antonina
33%
Daria
31%
Gabriela
31%
Bogusława
30%
Marcelina
30%
Mirosława
29%
Adrianna
28%
Emilia
28%
Kazimiera
28%
Irena
23%
Zdzisława
23%
Klaudia
22%
Sylwia
22%
Józefa
21%
Stefania
21%
Kornelia
14%
Eryka
13%
Ludwika
10%
Nie znaleziono quizów pasujących do podanych kryteriów
Rozkład punktacji
Procent ludzi z każdym wynikiem
Percentyl według liczby udzielonych odpowiedzi
Twoja historia wyników
Nie rozwiązałeś tego quizu